Statistics for Fast Typing 'B' Words

Click here to take the quiz!

General Stats

  • This quiz has been taken 1,119 times
  • The average score is 11 of 12

Answer Stats

HintAnswer% Correct
BreakfastBreakfast
99%
BasketballBasketball
98%
BreakingBreaking
97%
BalloonBalloon
97%
BlindedBlinded
96%
BlueberryBlueberry
96%
BalancingBalancing
94%
BouncingBouncing
94%
BedlamBedlam
90%
BuilderBuilder
88%
BananaBanana
84%
BiscuitsBiscuits
74%

Score Distribution

Percentile by Number Answered

Percent of People with Each Score

Your Score History

You have not taken this quiz